000
00281nam a2200109Ia 4500
008
230907s9999||||xx |||||||||||||| ||und||
082
_a
370.72
_b
FLA
245
4
_a
The flâneur and education research :
260
_a
Palgrave,
_b
Switzerland :
_c
2018
300
_a
160 p.
942
_c
BK
999
_c
600168
_d
600168